000 01167nam a2200253Ia 4500
999 _c54728
_d54728
001 21795
003 GE_BSU
005 20220414151727.0
008 181216s2017||||ge |||||||||||||| ||geo||
020 _a9789941115400
040 _cGE_BSU
041 _ageo
080 _a159.964.2 ვ-19
100 _aვანიე, ალენ
_913678
245 _aფსიქოანალიზის შესავალი /
_cალენ ვანიე ; ფრანგულიდან თარგმნა გიგა მამინაშვილმა.
264 _aთბილისი :
_bდიოგენე,
_c2017.
300 _a204 გვ. ;
_c19 სმ.
500 _aწიგნი გამოიცა ფრანგული ინ-ტის საგამომცემლო დახმარების პროგრამის ფარგლებში
541 _h3 ლ.
653 _aფსიქოანალიზის შესავალი
653 _aფსიქოლოგია
700 _aმამინაშვილი, გიგა
_eმთარგმნელი
_913679
942 _cBK
_2udc